[Event "Olympiad-36"]
[Site "Mallorca"]
[Date "2004.10.28"]
[Round "13"]
[White "Moser, Eva"]
[Black "Kozul, Zdenko"]
[Result "0-1"]
[WhiteElo "2447"]
[BlackElo "2640"]
[Annotator "Finkel,A"]
[PlyCount "90"]
[EventDate "2004.10.15"]
[EventType "team-swiss"]
[EventRounds "14"]
[EventCountry "ESP"]
[SourceTitle "CBM 104"]
[Source "ChessBase"]
[SourceDate "2005.01.27"]
[SourceVersion "1"]
[SourceVersionDate "2005.01.27"]
[SourceQuality "1"]
[WhiteTeam "Austria"]
[BlackTeam "Croatia"]
[WhiteTeamCountry "AUT"]
[BlackTeamCountry "CRO"]

1. e4 c5 2. Nf3 Nc6 3. Bb5 g6 4. O-O Bg7 5. c3 Nf6 6. Re1 {The most natural,
but not a very dangerous continuation for black.} (6. e5) (6. Qa4) 6... a6 7.
Bf1 O-O 8. d4 cxd4 9. cxd4 d5 10. e5 Ne4 11. Nc3 {A pawn on c3 may become a
weakness, so I'd say that trading the knights on d2 makes more sense.} (11. h3
f6 12. exf6 exf6 13. Nc3 Nxc3 (13... f5 14. Bf4 g5 15. Be5 Nxe5 16. Nxe5 Be6 {
1/2-1/2 Jansa,V-Sveshnikov,E/Sochi 1974}) 14. bxc3 Na5 15. Bd3 Bd7 16. Ba3 Re8
17. Rb1 $14 {Alexandria,N-Kushnir,A/Grozny 1969}) (11. Nbd2 Bf5 (11... Bg4 12.
h3 Nxd2 13. hxg4 Nxf3+ 14. gxf3 Qb6 15. Be3 Qxb2 16. a4 Rab8 17. Re2 Qb6 18.
Rb1 Qc7 $17 {Ivanov,A-Anastasian,A/St Petersburg 1993}) 12. Nb3 f6 13. exf6
exf6 14. Nfd2 Nxd2 15. Bxd2 Qd6 16. Bc3 Bh6 17. Nc5 b6 18. Na4 b5 19. Nc5 $14 {
Djurhuus,R-Wirthensohn,H/Haifa 1989}) 11... Nxc3 (11... Bg4 12. Be3 (12. Nxe4
$6 dxe4 13. Rxe4 Nxe5 14. Bg5 Nxf3+ 15. gxf3 Be6 16. Qd2 Re8 $15 {Sanz Alonso,
F-Ochoa de Echaguen,F/Leon 1990}) 12... Nxc3 (12... Rc8 13. h3 Bf5 14. Nh4 Nxc3
15. bxc3 Be6 16. Qd2 f6 17. exf6 exf6 18. Bh6 Qd7 $11 {Carlier,B-Ivanovic,B/
Metz 1990}) 13. bxc3 e6 (13... Na5 14. h3 Bd7 (14... Bxf3 15. Qxf3 Rc8 16. Bf4
Rc6 17. h4 Qd7 18. h5 Rfc8 19. Re3 $36 {Zagrebelny,S-Manshurov,V/Kobanya 1991})
15. Qc1 Rc8 16. Bh6 Rc6 17. Qe3 Qc7 18. Rac1 Rc8 19. Qg5 Qd8 20. Bxg7 Kxg7 21.
Re3 b5 22. a3 $14 {Siklosi,Z-Habibi,A/Kecskemet 1991}) 14. h3 Bxf3 15. Qxf3 Rc8
16. Qg4 Qa5 17. c4 dxc4 18. Bxc4 Rfd8 19. Bb3 Qb4 20. Rab1 h5 21. Qd1 Qa5 22.
Re2 Rd7 $13 {Kruszynski,W-Liszka,Z/Bydgoszcz 1978}) 12. bxc3 Bg4 {Black
doesn't waste time to get rid of his light-squared bishop.} (12... Na5 13. Qa4
Bg4 14. Nd2 b5 15. Qb4 Nc6 16. Qb2 f6 17. f4 fxe5 18. fxe5 Qb6 19. Kh1 b4 20.
Nb3 Rfc8 21. c4 dxc4 22. Bxc4+ Kh8 23. Be3 Na5 $13 {Antunes,A-Corral Blanco,J/
Groningen 1980}) (12... Bf5 13. Nh4 e6 14. Nxf5 gxf5 15. Rb1 Qd7 16. Re3 f6 17.
f4 Rf7 18. Rg3 $14 {Saur,M-Egle,M/Lindau 2002}) 13. h3 Bxf3 14. Qxf3 e6 15. Ba3
$6 {The bishop has nothing much to do on a3.} (15. a4 Qd7 $6 16. Bg5 $1 Rfc8
17. Bf6 Na5 18. h4 Bf8 19. h5 Rc7 20. Qh3 Rac8 21. Re3 Qe8 22. Rg3 $40 {
Wohl,A-Kagan,I/Melbourne 1992}) 15... Re8 16. Reb1 (16. Rab1 $5 b5 17. Bd6 Bf8
18. Bxf8 Rxf8 19. a4 bxa4 20. Ra1 Rb8 21. Rxa4 a5 $132) 16... Qd7 17. Rb6 Bf8
18. Rab1 (18. Bxf8 Rxf8 19. Rab1 Na5 20. h4 Rfc8 21. h5 Rc6 22. h6 Qe7 23. c4
Rxb6 24. Rxb6 dxc4 25. Qc3 Nc6 26. Bxc4 Rd8 27. Bxa6 Nxd4 $13) 18... Na5 19.
Bc1 $6 {Admitting that 15.Ba3 was wrong.} (19. Bxf8 Rxf8 20. h4) 19... Rec8 20.
h4 (20. c4 Nxc4 (20... dxc4 $2 21. Bd2 $16) 21. Rxb7 Rc7 22. Rxc7 Qxc7 23. Bd3
Rb8 24. Rxb8 Qxb8 25. Qe2 Qb4 $11) 20... Rc6 21. Rxc6 Nxc6 22. h5 Rc8 23. Bd2 {
Starting to play in a very passive manner.} (23. Bg5 Na5 24. Bf6 Nc4 25. Qf4
$13) 23... Na5 24. Bd3 $6 {Wasting another tempo.} Nc4 25. Bxc4 Rxc4 26. h6 $6
{[%csl Rh6] Another inaccuracy after which black gets a decisive advantage.} b5
$17 27. Qd3 (27. Rb3 Qd8 {[%cal Gd8h4,Gd8a5]}) 27... Qe7 28. Rb3 Qh4 29. Qe3
Ra4 30. Rb2 Be7 31. Qf4 (31. Qf3 g5 32. Qh3 Qxh3 33. gxh3 f6 34. exf6 Bxf6 $19
{[%cal Gg8f7,Gf7g6]}) 31... Qxf4 32. Bxf4 g5 33. Bd2 f6 34. exf6 Bxf6 35. f4
gxf4 36. Bxf4 Rc4 37. Rb3 Kf7 38. Kf2 Kg6 39. Ke3 b4 $1 $19 40. cxb4 Bxd4+ 41.
Kd3 e5 42. Bd2 e4+ 43. Ke2 Rc2 44. Rg3+ Kf7 45. Kd1 Rxa2 0-1

[Event "Olympiad-36"]
[Site "Mallorca"]
[Date "2004.10.29"]
[Round "14"]
[White "Navara, David"]
[Black "Van Wely, Loek"]
[Result "0-1"]
[WhiteElo "2620"]
[BlackElo "2681"]
[Annotator "Finkel,A"]
[PlyCount "130"]
[EventDate "2004.10.15"]
[EventType "team-swiss"]
[EventRounds "14"]
[EventCountry "ESP"]
[SourceTitle "CBM 104"]
[Source "ChessBase"]
[SourceDate "2005.01.27"]
[SourceVersion "1"]
[SourceVersionDate "2005.01.27"]
[SourceQuality "1"]
[WhiteTeam "Czech Republic"]
[BlackTeam "Netherlands"]
[WhiteTeamCountry "CZE"]
[BlackTeamCountry "NED"]

1. e4 c5 2. Nf3 Nc6 3. Bb5 g6 4. Bxc6 dxc6 5. d3 Bg7 6. h3 Nh6 $5 {I doubt
this move will become as popular as 6...Nf6, but it's definitly a good attempt
to avoid well-known theoretical lines.} 7. Nc3 (7. Be3 $2 Bxb2 8. Bxh6 Bxa1 9.
c3 Be6 10. O-O Qa5 11. Qc1 Bxa2 12. c4 Qb4 $19 {Velicka,P-Glicenstein,A/Gaia
2004}) 7... b6 8. Be3 f6 9. a3 {This move appears to be a novelty.} (9. Qd2 Nf7
10. Nh2 e5 11. f4 O-O 12. fxe5 Nxe5 13. O-O Be6 14. Nf3 Nf7 $13 {Krivolapov,
K-Kopjonkin,G/Gyongyos 1994}) (9. d4 cxd4 10. Nxd4 Qc7 11. f4 e5 12. fxe5 fxe5
13. Ndb5 $5 $40 {[%csl Re8] Thiel,T-Muller,F/Muenster 1994}) (9. g4 $5 Nf7 10.
Qd2 e5 11. O-O-O Be6 12. g5 f5 13. exf5 gxf5 14. Qe2 Qe7 15. Rdg1 O-O-O 16. Bd2
c4 17. h4 $14 {Zagrebelny,S-Khalid Al Shaali/Abu Dhabi 2001}) (9. O-O O-O (9...
e5 10. Nh2 O-O 11. Qd2 Nf7 12. f4 f5 (12... exf4 13. Bxf4 f5 14. exf5 Bxf5 15.
Rae1 Qd7 16. Nf3 Rae8 17. Kh2 $14 {Socko,B-Ivanov,J/Linares 2003}) 13. fxe5
Nxe5 14. Bh6 fxe4 15. Rxf8+ Qxf8 16. Bxg7 Qxg7 17. Nxe4 Bf5 18. Re1 $14 {
Bologan,V-Van Wely,L/playchess.com INT 2004}) 10. a3 Nf7 11. b4 f5 12. Bd2 Qd6
13. Rb1 e5 14. Na4 c4 $132 {Rublevsky,S-Ponomariov,R/Moscow 2002}) 9... Nf7 10.
Nd2 {I don't quite get white's idea since a combination of a3 and Nd2 seem a
bit too odd.} (10. Qe2 O-O 11. O-O-O e5 12. Nd2 Be6 13. f4 exf4 14. Bxf4 Ne5
$13 15. Nf3 Nxf3 16. Qxf3 b5 $132) 10... f5 $5 11. exf5 gxf5 12. f4 $5 Qd6 13.
Nf3 Rg8 14. Qd2 (14. Qe2 Be6 15. O-O O-O-O 16. Rae1 $13 {[%csl Re7]}) 14... Be6
15. O-O-O O-O-O ({Immediate} 15... Bxc3 {wasn't perfectly clear since after}
16. Qxc3 Rxg2 17. d4 (17. Rhg1 $6 Rxg1 18. Rxg1 O-O-O 19. Rg7 Qd5 $15) 17... c4
(17... Qd5 18. Nh4 Re2 19. Qd3 Qc4 20. dxc5 Qxd3 21. Rxd3 $14) 18. Rhg1 Rxg1
19. Rxg1 O-O-O 20. Rg7 Qd5 21. Bd2 h6 22. Qe3 $44 {white obviously has a
sufficient compensation for a pawn.}) 16. Rhe1 $2 {I don't really know what
white was thinking playing this one.} (16. Rhg1 $13) 16... Bxc3 17. bxc3 c4 $1
$17 {[%csl Ra3,Rc1] It's just too easy to miss it!} 18. Kb2 Qd5 19. Ng5 (19.
Nd4 Rxg2 20. dxc4 Rxd2 21. cxd5 Rxd1 22. Rxd1 Rxd5 $17) 19... Nxg5 20. fxg5
cxd3 21. cxd3 Qb5+ $5 22. Ka1 Bb3 23. Rb1 Qa4 24. Qb2 Bc2 25. Qb4 Qa6 26. Rbc1
Bxd3 27. Bf4 (27. Qxe7 Rge8 28. Qb4 Re4 29. Qb3 Bc4 30. Qb2 Re5 $19 {[%cal
Ge5b5]}) 27... c5 28. Qb2 Qc4 29. g3 Be4 30. Qa2 Qxa2+ 31. Kxa2 e5 32. Bxe5
Rxg5 33. Rcd1 Rgg8 34. Kb2 h5 35. Kc1 (35. h4 $5 Kb7 36. c4 Kc6 37. Kc3 Bf3 38.
Rxd8 Rxd8 39. Bf6 Rd6 40. Be7 Rd4 $17) 35... Bf3 36. Rxd8+ Rxd8 37. Bf4 Kb7 38.
Re5 Rd1+ 39. Kb2 Be4 40. g4 (40. Re7+ Ka6 41. Bb8 Kb5 42. Bxa7 Rb1+ 43. Ka2 Rg1
$19) 40... hxg4 41. hxg4 Rb1+ 42. Ka2 Rf1 43. Re7+ Kc6 44. Bb8 Bd5+ 45. Kb2
fxg4 $19 46. Rg7 Be6 47. Bxa7 Rf2+ 48. Kc1 g3 $1 49. Rxg3 Kb7 50. Rg6 Bf7 51.
Rxb6+ Kxa7 52. Rb5 c4 53. Rb4 Ka6 54. Ra4+ Kb5 55. Ra8 Bd5 56. a4+ Kc5 57. Rc8+
Bc6 58. Kb1 Rf7 59. Rg8 Ra7 60. Kb2 Rxa4 61. Rg5+ Bd5 62. Rf5 Ra8 63. Rh5 Kd6
64. Rg5 Rb8+ 65. Kc2 Rg8 0-1

[Event "Mondariz zt 1.1"]
[Site "Mondariz"]
[Date "2000.09.05"]
[Round "3"]
[White "Speelman, Jonathan S"]
[Black "David, Alberto"]
[Result "1-0"]
[WhiteElo "2623"]
[BlackElo "2487"]
[Annotator "Finkel,A"]
[PlyCount "71"]
[EventDate "2000.09.03"]
[EventType "swiss"]
[EventRounds "11"]
[EventCountry "ESP"]
[SourceTitle "CBM 079"]
[Source "ChessBase"]
[SourceDate "2000.11.21"]
[SourceVersion "1"]
[SourceVersionDate "2000.11.21"]
[SourceQuality "1"]

1. e4 c5 2. Nf3 Nc6 3. Bb5 g6 4. O-O Bg7 5. Re1 e5 6. Bxc6 dxc6 7. d3 Qe7 8.
Nbd2 (8. a3 Nf6 (8... a5 {} 9. a4 Nf6 10. Na3 O-O 11. Nc4 Nh5 12. Bd2 Qc7 13.
Be3 b6 14. b4 b5 15. axb5 cxb5 16. Rxa5 Rxa5 17. Nxa5 cxb4 18. Nb3 Bg4 $15 {
0-1 Svetushkin,D-Sorokin,M/Anibal Open, Linares ESP 1999 (29)}) 9. b4 (9. h3
O-O 10. Nbd2 h6 11. b4 Re8 12. Rb1 Nd7 13. Nc4 b6 14. Be3 Ba6 15. Nfd2 Rad8 16.
f3 Bf8 17. Qe2 Qe6 18. Qf2 Bc8 19. Kh1 Qf6 20. Qg3 Re6 21. Rf1 Rde8 22. Qf2 $14
{Enders,P-Cao Sang/Budapest 1996/CBM 51}) 9... O-O (9... Nd7 10. Nbd2 O-O 11.
Bb2 (11. bxc5 Nxc5 12. a4 Rd8 13. Ba3 Be6 14. Qe2 f6 15. c3 $18 {King,D-Klundt,
K/Kecskemet 1988}) 11... Rd8 12. Nc4 Nb6 13. Na5 Na4 14. Bc1 Qc7 $13 {Timman,
J-Reinderman,D/Wijk aan Zee 1999}) 10. Nbd2 (10. Bd2 Nd7 11. Bc3 Rd8 12. h3 f6
13. Nbd2 Nb6 14. Nb3 Na4 15. Bd2 $14 {Poluljahov,A-Gagarin,V/Maikop 1998/CBM 66
}) (10. bxc5 Qxc5 11. a4 Re8 12. Ba3 Qa5 13. Nbd2 Be6 14. Ng5 Nd7 15. Nxe6 Rxe6
16. Nc4 Qc7 17. Qd2 b5 18. Ne3 Nb6 19. axb5 cxb5 20. Qa5 Qc6 21. Rab1 a6 22. c4
$16 {Glek,I-Rabiega,R/Zillertal 1993/EXT 98}) 10... Rd8 11. Nc4 Nd7 (11... Bg4
$5 12. Ncxe5 Qxe5 13. Nxe5 Bxd1 14. Rxd1 Nxe4 15. Bb2 Re8 16. f4 Ng5 $1 17.
bxc5 Ne6 $11) 12. Bd2 f6 13. h3 b6 14. Qb1 $14 {Poluljahov,A-Lanka,Z/MK Cafe
Cup-A 1999}) (8. a4 {} Nf6 9. Nbd2 O-O 10. Nc4 Ne8 11. Be3 Nc7 12. h3 f6 13.
Qc1 Be6 14. b3 $14 {Van der Wiel,J-Van der Weide,K/NLD-chT 1996/EXT 99}) 8...
Nf6 9. Nc4 Nd7 10. Bd2 $5 (10. c3 O-O 11. a4 Rd8 12. a5 Nf8 13. b3 Rb8 14. h3
$14 {Campora,D-Estremera Panos,S/Santiago op 1995}) (10. Bg5 f6 11. Be3 Nf8 12.
a3 Bg4 13. b4 Ne6 14. bxc5 Nxc5 15. Na5 Ne6 16. Qb1 $14 {Movsesian,S-Babula,V/
After GP Mladi 1997}) (10. a4 Nb6 11. Na5 O-O 12. b3 Nd7 13. Nc4 Rd8 14. Ba3
Nf8 15. Qd2 Bg4 16. Qe3 b6 {1/2-1/2 Anand,V-Kramnik,V/Dortmund 1996}) 10... O-O
({Another plan was to play} 10... b6 $5 11. a3 a5 {not permitting white to
transfer b4}) 11. a3 Rd8 12. b4 b6 13. Qc1 $14 Ba6 (13... Nf8 $5 {[%cal Gf8e6,
Ge6d4]} 14. Bc3 f6 15. bxc5 $6 Qxc5 16. Bb4 Qb5 17. Nd6 Qa4 18. Nxc8 Raxc8 $13)
14. Ne3 f6 15. Qb1 $5 {[%cal Ga3a5]} Bf8 (15... Nf8 $6 16. bxc5 bxc5 (16...
Qxc5 17. Bb4 Qb5 18. a4 $18) 17. Qb3+ Ne6 18. Rab1 Kh8 19. Ba5 Re8 20. Nd2 $14)
16. h3 Qf7 {Arising position is very interesting:both sides deprived the other
one possibility of active play and now they start the manouvering.} (16... Rab8
$5) 17. a4 cxb4 18. Bxb4 Nc5 ({Promising possibility was} 18... Bxb4 19. Qxb4
c5 20. Qc3 Nf8 21. a5 Ne6 22. axb6 axb6 23. Nd5 b5 $132) 19. Rd1 Rab8 20. Ba3
Bc8 21. a5 b5 (21... Be6 $5) 22. Bb4 Be6 23. Ra3 Na4 24. Bxf8 Qxf8 25. Qa1 Qb4
26. Rb1 Qd6 27. Rd1 Qb4 28. d4 $5 {Finally making a move!} Qb2 $6 (28... exd4
29. Nxd4 Bd7 (29... Rd6) 30. Rad3 {[%csl Rd8][%cal Gd3d8,Gd2d7,Gd1d8,Gd2d8,
Gd1d7]} Qe7 (30... Be8 31. Nxc6 $18) (30... Qb2 31. Qxb2 Nxb2 32. Nxc6 Nxd3 33.
Nxb8 $16) 31. Nb3 Be6 $13) 29. dxe5 Rxd1+ 30. Nxd1 Qxc2 $2 {This move leads to
hopeless position so black should have played} (30... Qxa1 31. Rxa1 Nc5 $1 32.
Nc3 (32. Nd4 Bd7) 32... b4 33. Rb1 Rb7 34. a6 Rb6 35. exf6 h6 $14 {[%cal Gg8f7]
with counterplay.}) 31. Nd4 Qd2 32. Nxe6 Re8 33. Nd4 Rd8 34. Nxc6 Qe1+ (34...
Qxd1+ 35. Kh2 Qxa1 36. Rxa1 Rd7 37. exf6 $18 {[%cal Ge4e6]}) 35. Kh2 Rxd1 36.
Qa2+ (36. Qa2+ Kg7 (36... Kh8 37. Qf7 $18) 37. exf6+ Kxf6 38. Qg8 $1 Qh1+ 39.
Kg3 Rg1 40. Qf8+ Kg5 41. Qf4+ Kh5 42. Qh4#) 1-0

[Event "New York op"]
[Site "New York"]
[Date "1998.03.18"]
[Round "5"]
[White "Sulskis, Sarunas"]
[Black "Yakovich, Yuri"]
[Result "1-0"]
[WhiteElo "2485"]
[BlackElo "2570"]
[Annotator "Finkel,A"]
[PlyCount "47"]
[EventDate "1998.03.16"]
[EventType "swiss"]
[EventRounds "9"]
[EventCountry "USA"]
[SourceTitle "CBM 064"]
[Source "ChessBase"]
[SourceDate "1998.06.02"]
[SourceVersion "1"]
[SourceVersionDate "1998.06.02"]
[SourceQuality "1"]

1. e4 c5 2. Nf3 Nc6 3. Bb5 g6 4. Bxc6 bxc6 5. O-O Bg7 6. Re1 Nh6 7. c3 (7. Nc3
f6 8. Qe2 Nf7 9. a3 Rb8 10. b4 cxb4 11. axb4 a6 12. Ra4 O-O 13. d4 e5 14. Be3
Kh8 15. d5 f5 16. dxc6 dxc6 17. Bc5 Re8 18. Rd1 Qf6 19. Nd2 $16 {Orlov,
G-Kaidanov,G/USA-ch/1994/}) 7... O-O 8. d4 cxd4 9. cxd4 d6 10. Nc3 (10. h3 Rb8
(10... f6 11. Nc3 Nf7 12. b3 (12. Be3 Bd7 13. Qd2 Qc7 14. Rac1 Qb7 $10 15. b3
Rad8 $1 16. Qc2 f5 17. e5 c5 $1 $36 {Spasov,V-Svidler,P/Erevan olm 1996 (40)} (
17... dxe5 18. dxe5 Nxe5 19. Nxe5 Bxe5 20. Bh6 $40)) 12... e5 13. Bb2 Qb6 14.
Rc1 Ba6 15. Rc2 Rfe8 16. d5 c5 17. Na4 Qd8 18. Bc3 f5 $132 {Slipak,S-Sorokin,M/
open, General Pico City ARG 1996 (50)}) 11. Nc3 f6 12. Qc2 Nf7 13. b3 Bd7 14.
Bb2 Qc8 15. Rad1 Kh8 16. Qd2 Rb7 17. Ne2 $14 {Becerra Rivero,J-Spangenberg,H/
Capablanca mem-A 1994 (41)}) 10... Bd7 (10... f6 11. b3 (11. Be3 Ng4 12. Bd2
Bd7 13. Qc2 Qb6 14. Rad1 Rac8 15. Bc1 Qb7 16. e5 fxe5 $15 {Sulskis,S-Svidler,P/
EU-chTM 1997 (24)}) (11. h3 Nf7 12. b3 Qa5 13. Bb2 e5 14. Rc1 Qa6 15. Rc2 Rb8
16. Na4 Be6 17. Rd2 $14 {Iordachescu Viorel-Vlad Decebal/Ch Romania (team),
Romania 1995 (37)}) 11... Nf7 12. Bb2 Qa5 13. Qc2 (13. Nd2 Be6 14. Qe2 Rac8 15.
Nc4 Qa6) 13... Bd7 14. Nd2 Rac8 15. Nc4 Qa6 16. Rad1 $14 {Illescas Cordoba,
M-Kramnik,V/Alcobendas m 1993 (59)}) 11. h3 Qa5 $6 {This useless move is the
main reason for the difficulties that black starts to face.} (11... f6 $5) 12.
Bd2 Qh5 $6 {Another inaccuracy after which black's position becomes extremly
dangerous.It was nessasery to play} (12... f6 $8 $14) (12... Rab8 $2 13. Qc1
Qh5 14. Ne2 $18) 13. Ne2 f6 14. Qb3+ Nf7 $6 (14... Kh8 $5) 15. e5 $1 $16 {
[%csl Rh5] Thematical move,cutting black queen from the queenside,while on the
kingside white minor pieces start the hunting!} Rfb8 16. Qc4 d5 17. Qc3 Ng5 (
17... g5 18. Ng3 Qg6 19. e6 $18) 18. Nxg5 fxg5 19. g4 $1 $18 {[%csl Rh5][%cal
Gg1g2,Gf2f3,Ge1h1]} Qh4 $6 ({It was better to play} 19... Qh6 {,but after} 20.
Kg2 {there is no doubt in the final result.}) 20. Kg2 Rf8 21. f3 Rf7 22. Rh1 e6
23. Qc1 $1 {Finally trapping the queen!} Rxf3 24. Be1 1-0

[Event "Montreal WCT"]
[Site "Montreal"]
[Date "2005.01.15"]
[Round "1"]
[White "Antonio, Rogelio Jr"]
[Black "Lawson, Eric"]
[Result "1-0"]
[WhiteElo "2539"]
[BlackElo "2373"]
[Annotator "Finkel,A"]
[PlyCount "79"]
[EventDate "2005.01.15"]
[EventType "tourn"]
[EventRounds "9"]
[EventCountry "CAN"]
[EventCategory "10"]
[SourceTitle "CBM 105"]
[Source "ChessBase"]
[SourceDate "2005.04.11"]
[SourceVersion "1"]
[SourceVersionDate "2005.04.11"]
[SourceQuality "1"]

1. e4 c5 2. Nf3 Nc6 3. Bb5 g6 4. O-O Bg7 5. Bxc6 dxc6 6. h3 Nf6 7. d3 O-O 8.
Nc3 {During the last 10 years this line has become almost as popular as the
most fashionable lines of open sicilian. In the following game experienced GM
outplays his young opponent thanks to better understanding of the position,
despite of choosing quite harmless plan.} b6 9. Be3 e5 10. Qd2 {Once white
opted for the kingside castle he doesn't have much choice, but to transfer f4.}
(10. Qe2 $6 Ne8 11. Nd2 Nc7 12. f4 exf4 13. Bxf4 Ne6 14. Bg3 Qg5 $132 {
Bethanis,G-Guseinov,G/Dos Hermanas 2003}) 10... Re8 {Possible continuation,
even though black shouldn't worry about trading the bishops.} (10... Qd6 11.
Bh6 Nh5 (11... Be6 12. b3 Nh5 13. Ne2 f6 14. Bxg7 Kxg7 15. Qc3 g5 16. g4 Nf4
17. Nxf4 gxf4 $13 {Khmelnitsky,I-Gurevich,D/Parsippany 1996}) (11... Bd7 12.
Rae1 Rae8 13. g4 $6 Kh8 14. Kh1 Ng8 15. Bxg7+ Kxg7 16. Rg1 f6 17. Rg3 Nh6 18.
Reg1 Nf7 $15 {Senanayake,P-Harika,D/Heraklio 2004}) 12. Rae1 f6 13. Ne2 Be6 14.
Bxg7 Nxg7 15. b3 a5 16. a4 Rfd8 17. Qe3 b5 $132 {Nijboer,F-Piket,J/Netherlands
1995}) 11. Bh6 Bh8 12. b3 Nd7 {[%cal Gd7f8,Gf8e6,Ge6d4] Typical manouvre for
this structure - the knight is heading for d4.} (12... Nh5 $5 13. Ne2 Qd6 14.
Nh2 a5 15. Rac1 a4 16. g4 (16. f4 $2 exf4 17. Nxf4 Bd4+ $19) 16... Nf6 17. Qe3
Nd7 18. f4 exf4 19. Bxf4 Qe6 20. Nf3 $14) 13. Nh2 Nf8 14. Ne2 Ne6 15. Rae1 a5
16. f4 Nxf4 $6 ({It was slightly better to take on f4 with the pawn, with the
idea to trade the knight on h2.} 16... exf4 17. Nxf4 a4 18. Nf3 Nd4 19. Ne2
Nxf3+ 20. Rxf3 Be6 $13) 17. Nxf4 exf4 18. Qxf4 Be6 19. Bg5 Qd4+ 20. Kh1 f5 (
20... Qb2 $2 21. Ng4 $18 {[%cal Gg4h6,Gg4f6]}) ({Very serious attention
deserved} 20... Qe5 $5 {with idea to penitrate to b2, but it seems that white
keeps an initiative after} 21. Qh4 (21. Ng4 $6 Qxf4 22. Nh6+ Kf8 23. Rxf4 Be5
24. Rf3 Kg7 $15) 21... Qb2 22. Re2 a4 23. Nf3 Qxa2 (23... a3 $6 24. Bc1 $1 Qxa2
25. Ng5 h5 26. g4 Bxb3 27. gxh5 $40 {[%csl Rg8]}) 24. bxa4 c4 25. Ref2 $36) 21.
Bh6 {[%cal Gh2f3,Gf3g5]} (21. Qc7 $6 Be5 22. Qxc6 Bd7 23. Qd5+ (23. Qxb6 Reb8
$19 {[%csl Rb6]}) 23... Qxd5 24. exd5 Bc3 $44) 21... Be5 22. Qh4 Bf6 (22... Qb2
23. exf5 Bxf5 24. Nf3 $14) 23. Qg3 Be5 24. Bf4 Bg7 25. Nf3 Qd7 26. Qh4 fxe4 27.
dxe4 $1 $14 ({Tempting} 27. Ng5 $6 {was enough only for equality} h6 28. Nxe6 (
28. Nxe4 g5 29. Bxg5 hxg5 30. Nxg5 Bf5 31. Qc4+ Kh8 32. Qh4+ Kg8 $11) 28...
Rxe6 29. Bxh6 exd3 30. Rxe6 Qxe6 31. Bxg7 Kxg7 32. cxd3 Qd6 $11) 27... c4 28.
Rd1 Qe7 29. Bg5 Qc7 30. Bf6 {White's initiative is getting dangerous from move
to move.} cxb3 (30... Bxf6 31. Qxf6 cxb3 32. cxb3 Qe7 $14 (32... Qg7 $2 33. Ng5
$18)) 31. axb3 Bf8 $2 {Very bad decision after which white's attack is nearly
unstoppable.} (31... Bxf6 $142) 32. Ng5 {[%csl Rh7][%cal Gf6e5]} a4 ({The last
chance to put up some resistance was} 32... h6 $8 33. e5 $1 {[%cal Gg5e4,Ge4f6]
} b5 34. Ne4 (34. Nxe6 Rxe6 35. Qg4 Qf7 36. Bg7 h5 37. Rxf7 hxg4 38. Rdd7 g3 $1
39. Kg1 (39. Bf6 $140 $6 a4 40. Rh7 $2 Rxf6 $19) 39... Bc5+ 40. Kf1 Rd8 $1 $14)
34... a4 35. Bg5 $1 $16) 33. Be5 $1 $18 {[%csl Re6,Rh7]} Qb7 34. Rxf8+ $1 (34.
Rf7 $6 Qxf7 35. Nxf7 Bxf7 36. Qf6 Rxe5 37. Qxe5 a3 $16) 34... Rxf8 35. Nxe6
axb3 36. cxb3 Rfe8 37. Qf6 Qe7 38. Qh8+ Kf7 39. Qxh7+ Kxe6 40. Qxg6+ 1-0